<?xml version="1.0" encoding="UTF-8"?>
<record
    xmlns:xsi="http://www.w3.org/2001/XMLSchema-instance"
    xsi:schemaLocation="http://www.loc.gov/MARC21/slim http://www.loc.gov/standards/marcxml/schema/MARC21slim.xsd"
    xmlns="http://www.loc.gov/MARC21/slim">

  <leader>03130cam a22004335i 4500</leader>
  <controlfield tag="001">21662354</controlfield>
  <controlfield tag="003">OSt</controlfield>
  <controlfield tag="005">20220413142229.0</controlfield>
  <controlfield tag="006">m    |o  d |      </controlfield>
  <controlfield tag="007">cr |||||||||||</controlfield>
  <controlfield tag="008">181105s2018    xxu|||| o    |||| 0|eng  </controlfield>
  <datafield tag="010" ind1=" " ind2=" ">
    <subfield code="a">  2019738928</subfield>
  </datafield>
  <datafield tag="020" ind1=" " ind2=" ">
    <subfield code="a">9781484241554</subfield>
  </datafield>
  <datafield tag="024" ind1="7" ind2=" ">
    <subfield code="a">10.1007/978-1-4842-4155-4</subfield>
    <subfield code="2">doi</subfield>
  </datafield>
  <datafield tag="035" ind1=" " ind2=" ">
    <subfield code="a">(DE-He213)978-1-4842-4155-4</subfield>
  </datafield>
  <datafield tag="040" ind1=" " ind2=" ">
    <subfield code="a">DLC</subfield>
    <subfield code="b">eng</subfield>
    <subfield code="e">pn</subfield>
    <subfield code="e">rda</subfield>
    <subfield code="c">DLC</subfield>
  </datafield>
  <datafield tag="072" ind1=" " ind2="7">
    <subfield code="a">UMW</subfield>
    <subfield code="2">bicssc</subfield>
  </datafield>
  <datafield tag="072" ind1=" " ind2="7">
    <subfield code="a">COM060160</subfield>
    <subfield code="2">bisacsh</subfield>
  </datafield>
  <datafield tag="072" ind1=" " ind2="7">
    <subfield code="a">UMW</subfield>
    <subfield code="2">thema</subfield>
  </datafield>
  <datafield tag="082" ind1="0" ind2="4">
    <subfield code="a">004.606 </subfield>
    <subfield code="2">2</subfield>
    <subfield code="b">MEYJ</subfield>
  </datafield>
  <datafield tag="100" ind1="1" ind2=" ">
    <subfield code="a">Meyer, Jeanine.</subfield>
    <subfield code="9">29888</subfield>
  </datafield>
  <datafield tag="245" ind1="1" ind2="4">
    <subfield code="a">Essential guide to HTML5 :</subfield>
    <subfield code="b">using Games to Learn HTML5 and JavaScript /</subfield>
    <subfield code="c">By Jeanine Meyer.</subfield>
  </datafield>
  <datafield tag="250" ind1=" " ind2=" ">
    <subfield code="a">2nd ed. 2018.</subfield>
  </datafield>
  <datafield tag="264" ind1=" " ind2="1">
    <subfield code="a">Berkeley, CA :</subfield>
    <subfield code="b">Apress :</subfield>
    <subfield code="c">2018.</subfield>
  </datafield>
  <datafield tag="300" ind1=" " ind2=" ">
    <subfield code="a">Xix, 417p. ;</subfield>
    <subfield code="c">24 cm.</subfield>
  </datafield>
  <datafield tag="336" ind1=" " ind2=" ">
    <subfield code="a">text</subfield>
    <subfield code="b">txt</subfield>
    <subfield code="2">rdacontent</subfield>
  </datafield>
  <datafield tag="337" ind1=" " ind2=" ">
    <subfield code="a">computer</subfield>
    <subfield code="b">c</subfield>
    <subfield code="2">rdamedia</subfield>
  </datafield>
  <datafield tag="338" ind1=" " ind2=" ">
    <subfield code="a">online resource</subfield>
    <subfield code="b">cr</subfield>
    <subfield code="2">rdacarrier</subfield>
  </datafield>
  <datafield tag="347" ind1=" " ind2=" ">
    <subfield code="a">text file</subfield>
    <subfield code="b">PDF</subfield>
    <subfield code="2">rda</subfield>
  </datafield>
  <datafield tag="505" ind1="0" ind2=" ">
    <subfield code="a">1. The Basics -- 2. Dice Game -- 3. Bouncing Ball -- 4. Cannonball and Slingshot -- 5. The Memory (aka Concentration) Game -- 6. Quiz -- 7. Mazes -- 8. Rock, Paper, Scissors -- 9. Hangman -- 10. Blackjack.</subfield>
  </datafield>
  <datafield tag="520" ind1=" " ind2=" ">
    <subfield code="a">Gain a deep, practical knowledge of HTML and JavaScript that will provide an introduction to programming and enable you to build interactive websites. This completely updated second edition explains HTML, JavaScript and CSS in the context of working examples and contains full-color screen shots of the programs in action. You'll begin at an introductory level, learning the essentials of HTML5 and JavaScript and programming techniques. Each chapter features either a familiar game such as Hangman, Rock-Paper-Scissors, Craps, Memory, and Blackjack, or a simple type of game, such as a quiz, a maze, or animated simulations. You'll develop solid programming skills that will help when learning other programming languages. Each chapter contains tables revealing the structure of the program with comments for each line of code. These examples demonstrate the features introduced with HTML5. You'll see how to use canvas elements for line drawing. You can include your own audio and video clips, directly controlled by your JavaScript code. For example, the reward for correct completion of a quiz can be the playing of an audio clip and a video clip. You'll also learn how to use localStorage to store high scores or game preferences on a user's computer for retrieval next time they play. The Essential Guide to HTML5 explores all of this and more.</subfield>
  </datafield>
  <datafield tag="588" ind1=" " ind2=" ">
    <subfield code="a">Description based on publisher-supplied MARC data.</subfield>
  </datafield>
  <datafield tag="650" ind1=" " ind2="0">
    <subfield code="a">Creating the programmer defined object for the cards</subfield>
    <subfield code="9">29889</subfield>
  </datafield>
  <datafield tag="650" ind1=" " ind2="0">
    <subfield code="a">Variables and assignment statements</subfield>
    <subfield code="9">29890</subfield>
  </datafield>
  <datafield tag="650" ind1="1" ind2="4">
    <subfield code="a">Web Development.</subfield>
    <subfield code="0">https://scigraph.springernature.com/ontologies/product-market-codes/I29050</subfield>
    <subfield code="9">29891</subfield>
  </datafield>
  <datafield tag="650" ind1="2" ind2="4">
    <subfield code="a">Software Engineering/Programming and Operating Systems.</subfield>
    <subfield code="0">https://scigraph.springernature.com/ontologies/product-market-codes/I14002</subfield>
    <subfield code="9">29892</subfield>
  </datafield>
  <datafield tag="906" ind1=" " ind2=" ">
    <subfield code="a">0</subfield>
    <subfield code="b">ibc</subfield>
    <subfield code="c">origres</subfield>
    <subfield code="d">u</subfield>
    <subfield code="e">ncip</subfield>
    <subfield code="f">20</subfield>
    <subfield code="g">y-gencatlg</subfield>
  </datafield>
  <datafield tag="942" ind1=" " ind2=" ">
    <subfield code="2">ddc</subfield>
    <subfield code="c">BK</subfield>
    <subfield code="e">2nd</subfield>
    <subfield code="k">004.606 MEYJ</subfield>
  </datafield>
  <datafield tag="999" ind1=" " ind2=" ">
    <subfield code="c">222431</subfield>
    <subfield code="d">222431</subfield>
  </datafield>
  <datafield tag="952" ind1=" " ind2=" ">
    <subfield code="0">0</subfield>
    <subfield code="1">0</subfield>
    <subfield code="2">ddc</subfield>
    <subfield code="4">0</subfield>
    <subfield code="7">0</subfield>
    <subfield code="8">MCA</subfield>
    <subfield code="a">AIMIT</subfield>
    <subfield code="b">AIMIT</subfield>
    <subfield code="d">2022-03-24</subfield>
    <subfield code="g">199.00</subfield>
    <subfield code="i">Bill no:6622; Bill dt:2022-13-23</subfield>
    <subfield code="l">0</subfield>
    <subfield code="o">004.606  MEYJ</subfield>
    <subfield code="p">MCA17032</subfield>
    <subfield code="r">2025-07-21 00:00:00</subfield>
    <subfield code="v">159.20</subfield>
    <subfield code="w">2022-04-13</subfield>
    <subfield code="y">BK</subfield>
  </datafield>
</record>
